000
00269nam a22001097a 4500
008
150603t xxu||||| |||| 00| 0 eng d
020
_a
978-969-8535-29-2
100
_a
Dr. Safdar Ali Shah
_9
980
245
_a
Colonialism English & Punjabi
300
_a
349
942
_2
ddc
_c
BK
999
_c
17255
_d
17255